| 000 | 01573nam0a2200337 i 4500 | ||
|---|---|---|---|
| 001 | RU\NLR\BIBL_A\010694700 | ||
| 005 | 20241103043638.0 | ||
| 010 |
_a9785958001156 _9500 |
||
| 021 |
_aRU _b2015-2438 _9151 |
||
| 035 | _a(NILC)RuMoRGB-007856951 | ||
| 035 | _a(NLR Aleph) 010694700 | ||
| 090 |
_a9698119 _c9698118 |
||
| 100 | _a20150311d2014 k y0rusy50 ca | ||
| 101 | 0 | _arus | |
| 102 | _aRU | ||
| 105 | _ay|||z||||||y| | ||
| 200 | 1 |
_aСлужебный подлог - коррупционное преступление _eмонография _fБукалерова Л. А., Питикин Р. А. _gМоск. ун-т им. С. Ю. Витте |
|
| 210 |
_aМосква _cМосковский университет им. С. Ю. Витте _d2014 |
||
| 215 |
_a201 с. _d21 |
||
| 320 | _aБиблиогр.: с. 181-201 (240 назв.) и в подстроч. примеч. | ||
| 606 | 1 |
_aПодлог _xУголовная ответственность _yРоссийская Федерация _92622710 _3RU\NLR\AUTH\661559270 |
|
| 606 |
_aДолжностные преступления _xУголовная ответственность _yРоссийская Федерация _92084099 _3RU\NLR\AUTH\661260177 |
||
| 686 | 1 | _aХ628.111.75 | |
| 700 | 1 |
_aБукалерова _bЛ. А. _gЛюдмила Александровна |
|
| 701 | 1 |
_aПитикин _bР. А. _gРуслан Алексеевич |
|
| 801 | 0 |
_aRU _bРГБ _c20150130 _gRCR |
|
| 801 | 1 |
_aRU _bРГБ _c20150130 _2rusmarc |
|
| 942 | _cBOOK | ||
| 980 | _aNBR | ||